[Event "GER-ch U14"]
[Site "Oberhof"]
[Date "2013.05.22"]
[Round "6"]
[White "Spitzl, Vinzent"]
[Black "Groebel, Aaron"]
[Result "1-0"]
[WhiteElo "1806"]
[BlackElo "1720"]
[PlyCount "47"]
[EventDate "2013.05.19"]
[EventType "swiss"]
[EventRounds "9"]
[EventCountry "GER"]
[SourceTitle "CBM 154 Extra"]
[Source "ChessBase"]
[SourceDate "2013.06.25"]
[SourceVersion "2"]
[SourceVersionDate "2013.06.25"]
[SourceQuality "1"]

1. e4 e5 2. Nf3 Nc6 3. Bb5 a6 4. Ba4 Nf6 5. 0-0 b5 6. Bb3 Be7 7. Re1 0-0 8. c3 d6 9. h3 Na5 10. Bc2 c5 11. d4 Qc7 12. Nbd2 cxd4 13. cxd4 Nc6 14. Nf1 exd4 15. Bb3 Qb6 16. Ng3 h6 17. Bd5 Nxd5 18. exd5 Ne5 19. Nxd4 Bf6 20. Ne4 Bd8 21. Bf4 Bc7 22. Rc1 Bb7 23. Nf5 Rad8 24. Bxh6 1-0

[Event "GER-ch U14"]
[Site "Oberhof"]
[Date "2013.05.21"]
[Round "4"]
[White "Groebel, Aaron"]
[Black "Venukumar, Danny"]
[Result "1-0"]
[WhiteElo "1720"]
[BlackElo "1470"]
[PlyCount "71"]
[EventDate "2013.05.19"]
[EventType "swiss"]
[EventRounds "9"]
[EventCountry "GER"]
[SourceTitle "CBM 154 Extra"]
[Source "ChessBase"]
[SourceDate "2013.06.25"]
[SourceVersion "2"]
[SourceVersionDate "2013.06.25"]
[SourceQuality "1"]

1. e4 c6 2. d4 d5 3. exd5 cxd5 4. c4 Nf6 5. Nc3 Nc6 6. Be3 Bf5 7. Nf3 e6 8. c5 Qc7 9. Be2 h6 10. 0-0 Be7 11. Nb5 Qb8 12. Qc1 g5 13. Re1 Ng4 14. h3 Nxe3 15. Qxe3 a6 16. Na3 g4 17. hxg4 Bxg4 18. Ne5 Nxe5 19. dxe5 Bf5 20. Rac1 Qc7 21. Bd3 Bxd3 22. Qxd3 h5 23. b4 Qc6 24. Nc2 Bg5 25. Nd4 Qc7 26. Rc2 Be7 27. a3 h4 28. c6 b6 29. f4 h3 30. gxh3 Rg8+ 31. Kh2 Bh4 32. Rg1 Rxg1 33. Kxg1 Ke7 34. Qh7 Be1 35. Qg7 b5 36. Qf6+ 1-0

[Event "GER-ch U14"]
[Site "Oberhof"]
[Date "2013.05.19"]
[Round "1"]
[White "Bergauz, Noam"]
[Black "Groebel, Aaron"]
[Result "1-0"]
[WhiteElo "1900"]
[BlackElo "1720"]
[PlyCount "77"]
[EventDate "2013.05.19"]
[EventType "swiss"]
[EventRounds "9"]
[EventCountry "GER"]
[SourceTitle "CBM 154 Extra"]
[Source "ChessBase"]
[SourceDate "2013.06.25"]
[SourceVersion "2"]
[SourceVersionDate "2013.06.25"]
[SourceQuality "1"]

1. e4 e5 2. Nf3 Nc6 3. d4 exd4 4. Bc4 Bc5 5. c3 Nf6 6. e5 Ng4 7. cxd4 Bb4+ 8. Nc3 d5 9. Bd3 Bxc3+ 10. bxc3 f6 11. 0-0 0-0 12. Qc2 fxe5 13. Bxh7+ Kh8 14. Bg5 Qd6 15. dxe5 Ncxe5 16. Nxe5 Qxe5 17. f4 Qd6 18. Rae1 Qb6+ 19. Kh1 Ne3 20. Qf2 Kxh7 21. Rxe3 Bf5 22. Rfe1 Be4 23. c4 c6 24. Be7 Rf5 25. Qh4+ Kg8 26. Qg4 Re8 27. Bd6 Re6 28. c5 Qb2 29. Be5 Rfxe5 30. fxe5 Rg6 31. Qc8+ Kh7 32. Rh3+ Rh6 33. Rxh6+ Kxh6 34. Qh3+ Kg6 35. Qg3+ Kh7 36. h3 Qxa2 37. e6 Kg8 38. e7 Kf7 39. Rf1+ 1-0